| 000 | 00619cam a22002411 4500 | ||
|---|---|---|---|
| 999 |
_c8494 _d8494 |
||
| 001 | 8494 | ||
| 003 | BD-JhCC | ||
| 005 | 20180226094315.0 | ||
| 008 | 730109s1957 nyua 000 0 eng | ||
| 035 | _a(BD-JhCC)8494 | ||
| 040 |
_aDLC _cDLC _dDLC |
||
| 041 | _aeng | ||
| 050 | 0 | 0 |
_aTS880 _b.D312 |
| 082 | 0 | 0 |
_a684.1* _bFAB 1961 |
| 100 | 2 |
_aDal Fabbro, Mario, _d1913- |
|
| 245 | 1 | 0 | _aHow to build modern furniture. |
| 250 | _a2d ed. | ||
| 260 |
_aNew York, _bF. W. Dodge Corp. _c[1957] |
||
| 300 |
_a214 p. _billus. _c26 cm. |
||
| 650 | 0 |
_aFurniture making _xAmateurs' manuals. |
|
| 942 |
_2ddc _cBK |
||